Every Kane WWE PPV Opponent - Statistics

General Stats
  • This quiz has been taken 315 times
  • The average score is 274 of 370
Answer Stats
Event Wrestler % Correct
Bragging Rights 2010 | Capital Carnage | Crown Jewel 2018 | +14 others The Undertaker
98%
Armageddon 2003 | Backlash 2001 | Bragging Rights 2009 | +10 others Triple H
98%
Backlash 2006 | Bragging Rights 2009 | Elimination Chamber 2011 | +11 others Big Show
96%
Battleground 2014 | Elimination Chamber 2013 | Extreme Rules 2012 | +5 others Randy Orton
96%
Unforgiven 1999 | Unforgiven 2000 The Rock
95%
Backlash 2004 | Elimination Chamber 2011 | No Way Out 2001 | +5 others Edge
94%
Bragging Rights 2009 | New Year's Revolution 2006 | Royal Rumble 1996 | +3 others Shawn Michaels
93%
Battleground 2014 | Beast from the East | Elimination Chamber 2012 | +7 others John Cena
92%
Backlash 2001 | Capital Carnage | INH 23: Fully Loaded 1998 | +4 others Steve Austin
92%
Armageddon 2005 | Cyber Sunday 2008 | Elimination Chamber 2011 | +9 others Rey Mysterio
90%
Battleground 2014 | Extreme Rules 2013 | Money In The Bank 2014 | +4 others Roman Reigns
89%
Elimination Chamber 2013 | Extreme Rules 2014 | Money In The Bank 2011 | +2 others Daniel Bryan
88%
Extreme Rules 2013 | Hell In A Cell 2015 | TLC | +2 others Seth Rollins
88%
Armageddon 2000 | Elimination Chamber 2013 | Judgment Day 2003 | +7 others Chris Jericho
87%
New Year's Revolution 2006 | Royal Rumble 2002 | Survivor Series 2001 | +2 others Kurt Angle
87%
Money In The Bank 2010 | SummerSlam 2004 | Vengeance 2004 | WrestleMania 26 Matt Hardy
87%
Payback 2013 | TLC | TLC 2012 | WrestleMania 30 Dean Ambrose
86%
Capital Carnage | Survivor Series 1997 | Unforgiven 1999 Mankind
86%
Survivor Series 2001 | Survivor Series 2002 Rob Van Dam
86%
Judgment Day 2003 | Money In The Bank 2010 | No Way Out 2001 | +4 others Christian
84%
Armageddon 2007 | Bragging Rights 2009 | Elimination Chamber 2013 | +4 others Mark Henry
84%
Armageddon 2002 | Armageddon 2005 | Great American Bash 2007 | +3 others Batista
83%
Royal Rumble 2018 Brock Lesnar
83%
Backlash 2009 | No Way Out 2012 | Over the Limit 2011 | +2 others CM Punk
83%
Breaking Point 2009 | Great American Bash 2007 | SumerSlam 2009 | +2 others The Great Khali
82%
Backlash 2016 | Money In The Bank 2014 | SummerSlam 2013 | Survivor Series 2015 Bray Wyatt
81%
Invasion 2001 | Judgment Day 2003 | Royal Rumble 2004 | +2 others Booker T
79%
Royal Rumble 1997 | SummerSlam 1995 Bret Hart
79%
Bad Blood 2004 | Unforgiven 2000 | WrestleMania 21 Chris Benoit
79%
No Way Out 2007 | Royal Rumble 2007 King Booker
79%
Armageddon 1999 | INH 27: St. Valentine's Day Massacre | No Mercy 1999 | +4 others X-Pac
79%
Judgment Day 2003 Goldust
78%
Judgment Day 2003 | SummerSlam 2003 Rob Vam Dam
78%
King of the Ring 2000 | Survivor Series 2001 | Survivor Series 2003 | Unforgiven 2003 Shane McMahon
78%
King of the Ring 2000 Vince McMahon
78%
No Mercy 1999 Bradshaw
77%
Survivor Series 2005 | Unforgiven 2008 JBL
77%
Judgment Day 2008 | Money In The Bank 2012 The Miz
77%
Fastlane 2015 | Fastlane 2016 | Survivor Series 2014 Erick Rowan
76%
INH 12: It's Time Owen Hart
76%
Extreme Rules 2018 Rowan
76%
Money In The Bank 2014 | Survivor Series 2012 | TLC 2010 Alberto Del Rio
75%
Backlash 2003 | Invasion 2001 | King of the Ring 2001 | +2 others Bubba Ray Dudley
74%
Backlash 2008 | WrestleMania 24 Chavo Guerrero
74%
Bragging Rights 2009 | Hell In A Cell 2012 | Money In The Bank 2010 | +3 others Cody Rhodes
74%
Extreme Rules 2018 Harper
74%
Bragging Rights 2009 | Money In The Bank 2010 | Money In The Bank 2015 | +3 others Kofi Kingston
74%
Fastlane 2016 | Survivor Series 2015 Luke Harper
74%
Fastlane 2016 | Royal Rumble 2016 | Royal Rumble 2018 Braun Strowman
73%
Backlash 2003 | Invasion 2001 | King of the Ring 2001 | +2 others D-Von Dudley
73%
Armageddon 2006 | Cyber Sunday 2007 | Survivor Series 2006 | +3 others MVP
72%
Beast from the East | Fastlane 2015 | Money In The Bank 2010 | +5 others Dolph Ziggler
71%
Armageddon 2003 Goldberg
69%
Money In The Bank 2011 | Money In The Bank 2014 | Money In The Bank 2015 Sheamus
67%
WrestleMania 16 Road Dogg
66%
WrestleMania 29 Big E Langston
65%
King of the Ring 1999 Billy Gunn
65%
Bragging Rights 2009 | Elimination Chamber 2013 | WrestleMania 26 Jack Swagger
65%
Cyber Sunday 2006 | Survivor Series 2006 | Survivor Series 2007 | Unforgiven 2006 Umaga
65%
Elimination Chamber 2010 | Elimination Chamber 2011 | WrestleMania 26 Drew McIntyre
63%
Money In The Bank 2010 Drew Mcintyre
63%
SummerSlam 2007 | Survivor Series 2006 | Survivor Series 2007 | WrestleMania 25 Finlay
63%
New Year's Revolution 2006 | WrestleMania 22 Carlito
62%
Judgment Day 2008 John Morrison
61%
Crown Jewel 2018 | Royal Rumble 1999 | SummerSlam 2012 | Vengeance 2006 Kane
61%
WrestleMania 21 | WrestleMania 25 | WrestleMania 26 Shelton Benjamin
61%
Survivor Series 2005 Bobby Lashley
60%
Night of Champions 2012 R-Truth
60%
Fastlane 2015 | Survivor Series 2014 | TLC 2014 Ryback
60%
Judgment Day 2003 | No Mercy 2001 | Survivor Series 2006 | Unforgiven 2002 Test
60%
Armageddon 2007 | Survivor Series 2007 Big Daddy V
58%
No Mercy 1999 Faarooq
58%
Backlash 2005 Viscera
58%
Elimination Chamber 2011 | Extreme Rules 2011 | Money In The Bank 2011 | +2 others Wade Barrett
58%
Money In The Bank 2014 Cesaro
54%
Money In The Bank 2011 | WrestleMania 27 Heath Slater
53%
Survivor Series 2007 Mr. Kennedy
53%
Royal Rumble 2009 Ted DiBiase Jr.
53%
New Year's Revolution 2006 | WrestleMania 22 Chris Masters
51%
Invasion 2001 | SummerSlam 2001 DDP
48%
Money In The Bank 2011 | WrestleMania 27 Justin Gabriel
47%
Invasion 2001 Rhyno
47%
INH 12: It's Time British Bulldog
44%
Extreme Rules 2011 | WrestleMania 27 Ezekiel Jackson
44%
WrestleMania 17 Raven
43%
INH 20: No Way Out Of Texas | INH 22: Over the Edge 1998 Vader
43%
WrestleMania 26 Evan Bourne
42%
No Way Out 2003 | Unforgiven 2002 William Regal
40%
WrestleMania 32 Baron Corbin
39%
Unforgiven 1999 Britsh Bulldog
39%
Hell In A Cell 2012 | Royal Rumble 2013 | Survivor Series 2012 Damian Sandow
37%
No Way Out 2009 Mike Knox
36%
Survivor Series 1996 Yokozuna
36%
Survivor Series 2012 David Otunga
34%
New Year's Revolution 2005 | Taboo Tuesday 2004 Gene Snitsky
34%
Over the Edge 1999 D-Lo Brown
33%
Judgment Day 2003 | No Way Out 2003 | Unforgiven 2002 Lance Storm
31%
Judgment Day 2003 Val Venis
30%
Money In The Bank 2011 Sin Cara
29%
SummerSlam 2001 Kanyon
28%
Bad Blood 2003 | Insurrextion 2003 Rene Dupree
25%
Survivor Series 1995 Fatu
24%
Over the Limit 2011 Mason Ryan
24%
Survivor Series 1995 | Survivor Series 1996 Savio Vega
23%
Money In The Bank 2015 Neville
22%
Unforgiven 2001 Brian Adams
21%
Survivor Series 2008 JTG
21%
Bad Blood 2003 | Insurrextion 2003 Sylvain Grenier
19%
Taboo Tuesday 2005 Lance Cade
17%
Survivor Series 2008 Shad
17%
Insurrextion 2000 Bull Buchanan
16%
Royal Rumble 2021 Damian Priest
15%
Survivor Series 1995 Henry O. Godwinn
15%
No Mercy 1999 Mideon
15%
Taboo Tuesday 2005 Trevor Murdoch
15%
Unforgiven 2001 Bryan Clarke
14%
Survivor Series 1996 Jimmy Snuka
13%
Survivor Series 1996 Flash Funk
7%
No matching quizzes found
Score Distribution
Percent of People with Each Score
Percentile by Number Answered
Your Score History
You have not taken this quiz